Most popular baby names in Germany - Statistics

General Stats
  • This quiz has been taken 59 times
  • The average score is 3 of 10
Answer Stats
Gender Answer % Correct
Girl Emma
61%
Boy Ben
35%
Girl Mia
31%
Girl Sofia
31%
Boy Leon
28%
Boy Finn
24%
Girl Hannah
24%
Boy Paul
24%
Girl Emilia
22%
Boy Elias
19%
No matching quizzes found
Score Distribution
Percent of People with Each Score
Percentile by Number Answered
Your Score History
You have not taken this quiz